000 00444nam a2200157Ia 4500
003 GCL
008 140319s9999 xx 000 0 ara d
040 _aGCL /
_cGCL
082 0 4 _a811.9
_bس ح
100 1 _aسركون بولص
245 1 0 _aالحياة قرب الاكروبول /
_cسركون بولص
260 _a[S.N] :
_bدار توبقال للنشر ،
_c1988
490 _a
650 0 4 _aالشعر العربى
942 _2ddc
_cBK
999 _c55492
_d55492